000 00993cam a22003134i 4500
001 16019297
003 EG-ScBUE
005 20221215135956.0
008 091120s2009 gw ae f 001 0 eng d
020 _a9783037680278
035 _a(GyWOH)har090044259
040 _aDLC
_beng
_erda
_cDLC
_dEG-ScBUE
082 0 4 _222
_a725.823
_bUFF
100 1 _aUffelen, Chris van,
_eauthor.
_911600
245 1 0 _aCinema architecture /
_cChris van Uffelen.
250 _aFirst edition.
264 1 _a[Berlin] :
_bBraun,
_c2009.
300 _a253 pages :
_billustrations (chiefly color), plans ;
_c31 cm
336 _2rdacontent
_atext
_btxt
337 _2rdamedia
_aunmediated
_bn
338 _2rdacarrier
_avolume
_bnc
500 _aIncludes index.
650 7 _911598
_aMotion picture theaters
_vPictorial works.
_2BUEsh
650 7 _911599
_aArchitecture, Modern
_vPictorial works
_y21st century.
_2BUEsh
653 _bENGARC
655 _vReading book
942 _2ddc
_cBB
999 _c13443
_d13443